| 000 | 00958nmm a2200313 a 4500 | ||
|---|---|---|---|
| 003 | AR-BaBNM | ||
| 005 | 20251128204201.0 | ||
| 008 | 055019s1992 ||||||||||||||000 | spa|| | ||
| 020 | _a968-26-1218-7 | ||
| 040 | _cAR-BaBNM | ||
| 100 | 1 | _aGoad, Tom W. | |
| 245 | 1 | 0 |
_aEl profesional en el desarrollo de recursos humanos _buna personalidad multifacética |
| 260 |
_aSan Juan Tlihuaca _bContinental _c1992 |
||
| 300 | 0 |
_a214 p. _bgráfs. |
|
| 500 | 0 | _aTítulo original: The HRD practitioner: a person of many roles | |
| 500 | 0 | _aTraducida por Bertha D. L. de Valverde | |
| 650 | 4 | _aPSICOLOGIA SOCIAL | |
| 650 | 4 | _aANTROPOLOGIA CULTURAL Y SOCIAL | |
| 650 | 4 | _aECONOMISTAS | |
| 650 | 4 | _aRECURSOS HUMANOS | |
| 650 | 4 | _aPSICOLOGIA OCUPACIONAL | |
| 650 | 4 | _aPSICOLOGIA DEL TRABAJO | |
| 650 | 4 | _aLIDERAZGO | |
| 650 | 4 | _aADMINISTRACION DEL PERSONAL | |
| 650 | 4 | _aSOCIOLOGIA OCUPACIONAL | |
| 650 | 4 | _aPROFESIONES | |
| 942 | _cBK | ||
| 998 | _cGrace | ||
| 999 |
_c6513 _d6513 |
||